书目信息 |
| 题名: |
服装结构设计
|
|
| 作者: | 苏石民 编著 | |
| 分册: | ||
| 出版信息: | 北京 中国纺织工业出版社 1999.07 |
|
| 页数: | 220页 | |
| 开本: | 26cm | |
| 丛书名: | ||
| 单 册: | ||
| 中图分类: | TS941.2 | |
| 科图分类: | ||
| 主题词: | 服装工业 | |
| 电子资源: | ||
| ISBN: | 7-5064-1524-0 | |
| 000 | 00585nam0 2200193 45 | |
| 001 | 0304111573 | |
| 005 | 20030411150306.8 | |
| 010 | @a7-5064-1524-0@dCNY22.00 | |
| 100 | @a20041228d1999 km y0chiy0120 ea | |
| 101 | 0 | @achi |
| 200 | 1 | @a服装结构设计@AFu Zhuang Jie Gou She Ji@f苏石民等编著@Fsu shi min deng bian zhu |
| 210 | @a北京@c中国纺织工业出版社@d1999.07 | |
| 215 | @a220页@c图@d26cm | |
| 300 | @a服装高等职业教育教材 | |
| 606 | 0 | @a服装工业 |
| 690 | @aTS941.2@v3 | |
| 701 | 0 | @a苏石民@Asu shi min@4编著 |
| 801 | @aCN@bPftUser@c20041228 | |
| 905 | @aBZT@b346760-762@dTS941.2@e10@f11 | |
| 服装结构设计/苏石民等编著.-北京:中国纺织工业出版社,1999.07 |
| 220页:图;26cm |
| 服装高等职业教育教材 |
| ISBN 7-5064-1524-0:CNY22.00 |
| ● |
| 相关链接 |
|
|
|
正题名:服装结构设计
索取号:TS941.2/10
 
预约/预借
| 序号 | 登录号 | 条形码 | 馆藏地/架位号 | 状态 | 备注 |
| 1 | 346760 | 201355103 | 样本书库/样005架A面4层3列/ [索取号:TS941.2/10] | 在馆 | |
| 2 | 346761 | 201355112 | 中心书库中库/ 中库024架B面2列2层8/ [索取号:TS941.2/10] | 在馆 | |
| 3 | 346762 | 201355121 | 中心书库中库/ 中库024架B面2列2层4/ [索取号:TS941.2/10] | 在馆 |